| 000 | 01776nam a2200493 i 4500 | ||
|---|---|---|---|
| 001 | 4650 | ||
| 003 | KOSZ 005 | ||
| 005 | 20190725105831.0 | ||
| 008 | 970629s1991 pl a f |001 0 pol | ||
| 015 | _aPB 1991/8593 | ||
| 020 | _a8320411068 | ||
| 020 | _a8320411319 | ||
| 035 | _a991002059249705066 | ||
| 035 | _a(PL-WaBN)b1057363x-48omnis_nlop | ||
| 035 | _ab1057363x | ||
| 035 | _a(OCoLC)830076608 | ||
| 035 | _a(PL)b0000001057363 | ||
| 035 | _a(EXLNZ-48OMNIS_NETWORK)9910386882405606 | ||
| 040 |
_aWA N _cWA N _dKOSZ 005/EG |
||
| 041 | _apol | ||
| 046 | _k1991 | ||
| 080 | _a621.9 | ||
| 080 | _a(083.1) | ||
| 245 | 1 | 0 |
_aPoradnik inżyniera : _bobróbka skrawaniem. _nT. 1, _pKompleksowe ujęcie procesu skrawania, optymalizacja parametrów skrawania, charakterystyka technologiczna obrabiarek, poszczególne sposoby i odmiany obróbki skrawaniem / _c[aut. t. 1 Jerzy Górniak et al. ; red. t. Elżbieta Kłos]. |
| 260 |
_aWarszawa : _bWydawnictwa Naukowo-Techniczne, _c1991. |
||
| 300 |
_aX, [2], 896 s. : _brys., wykr. ; _c25 cm. |
||
| 336 |
_2rdacontent _aTekst _btxt |
||
| 337 |
_2rdacarrier _aBez urządzenia pośredniczącego _bn |
||
| 338 |
_2rdacarrier _aWolumin _bnc |
||
| 380 | _aKsiążki | ||
| 380 | _aPublikacje fachowe | ||
| 388 | _a1901-2000 | ||
| 388 | _a1989-2000 | ||
| 504 | _aBibliogr. przy rozdz. - Indeks. | ||
| 650 | 7 |
_aSkrawanie _2DBN |
|
| 655 | _aPoradniki | ||
| 658 | _aInżynieria i technika | ||
| 700 | 1 |
_aGórniak, Jerzy _eAutor |
|
| 700 | 1 |
_aKłos, Elżbieta _eRedakcja |
|
| 710 | 2 |
_aWydawnictwa Naukowo-Techniczne _4pbl |
|
| 856 |
_uhttp://koha.tu.koszalin.pl/cgi-bin/koha/opac-detail.pl?biblionumber=4650 _yKatalog online BPK |
||
| 942 |
_2UKD _cKS |
||
| 999 |
_c4650 _d4650 |
||